000 nam a22 a 4500
999 _c190499
_d190499
003 BLK
005 20230410124713.0
008 180411b bul|||||r ||||||| ||bul||
010 _aKNG00199643000
020 _a954-553-003-0
040 _aBLK
041 _aBUL
_cBUL
080 _aАмериканска литература (на САЩ)
_b821.111(73)
_x-31
_z821.111(73)-31
100 1 _aУортън, Уилям
_eпърви автор
_gДю Ейме, Алберт Уилям
_9244430
139 _aУортън, Уилям
_bУ 70
245 1 0 _aПилето
_bРоман
_cУилям Уортън; прев. от англ. Тодор Вълчев.
257 _aUSA
260 _aСофия
_bПарадокс
_c1992
300 _a280 с.
_c20 см
380 _aX
490 _aКолекция Америка ХХ
_9201142
700 1 _aВълчев, Тодор
_eпрев. от англ.
_9364511
852 _aЦб 172748
_bЦб
856 4 _qpdf
_i0.00
_ldisable
856 4 _qpdf
_i0.00
_ldisable
942 _cKNG
_n0
_s1
944 _aCR
_c02.02.2017
_kПравда_Бадева
944 _aED
_c02.02.2017
_kПравда_Бадева
999 _d190499